Statistiques concernant Classement WTA/février 2020

Cliquez ici pour prendre le quiz!

Statistiques générales

  • Ce quiz a été pris 16 fois
  • Le résultat moyen est 40 sur 100

Statistiques - réponses

RangJoueurPays% Correct
1Ashleigh BartyAustralie
87%
10Serena WilliamsÉtats-Unis
87%
4Simona HalepRoumanie
87%
52Venus WilliamsÉtats-Unis
87%
46Caroline GarciaFrance
80%
94Kristie AhnÉtats-Unis
80%
39Kristina MladenovicFrance
80%
3Naomi OsakaJapon
80%
59Alizé CornetFrance
73%
5Bianca AndreescuCanada
73%
20Angelique KerberAllemagne
67%
8Belinda BencicSuisse
67%
6Elina SvitolinaUkraine
67%
2Karolina PliskovaRépublique Tchèque
67%
67Kristyna PliskovaRépublique Tchèque
67%
13Madison KeysÉtats-Unis
67%
11Aryna SabalenkaBiélorussie
60%
17Elise MertensBelgique
60%
63Fiona FerroFrance
60%
9Kiki BertensPays-Bas
60%
76Ons JabeurTunisie
60%
15Petra MarticCroatie
60%
25Sloane StephensÉtats-Unis
60%
47Alison Van UytvanckBelgique
53%
27Anastasija SevastovaLettonie
53%
38Caroline WozniackiDanemark
53%
36Garbine MuguruzaEspagne
53%
12Johanna KontaRoyaume-Uni
53%
23Maria SakkariGrèce
53%
7Petra KvitovaRépublique Tchèque
53%
30Qiang WangChine
53%
14Sofia KeninÉtats-Unis
53%
48Yafan WangChine
53%
24Amanda AnisimovaÉtats-Unis
47%
31Anastasia PavlyuchenkovaRussie
47%
26Anett KontaveitEstonie
47%
45Jelena OstapenkoLettonie
47%
16Marketa VondrousovaRépublique Tchèque
47%
79Monica PuigPuerto Rico
47%
42Saisai ZhengChine
47%
32Su-Wei HsiehTaiwan
47%
62Aliaksandra SasnovichBiélorussie
40%
54Carla Suarez NavarroEspagne
40%
29Danielle CollinsÉtats-Unis
40%
19Donna VekicCroatie
40%
35Ekatarina AlexandrovaRussie
40%
60Iga SwiatekPologne
40%
49Polona HercogSlovénie
40%
99Samantha StosurAustralie
40%
40Shuai ZhangChine
40%
74Sorana CirsteaRoumanie
40%
53Svetlana KuznetsovaRussie
40%
89Timea BabosHongrie
40%
50Victoria AzarenkaBiélorussie
40%
51Ajla TomljanovicAustralie
33%
33Barbora StrycovaRépublique Tchèque
33%
68Cori GauffÉtats-Unis
33%
70Daria KasatkinaRussie
33%
37Elena RybakinaKazakhstan
33%
69Jil TeichmannSuisse
33%
21Karolina MuchovaRépublique Tchèque
33%
75Laura SiegemundAllemagne
33%
72Lin ZhuChine
33%
43Magda LinettePologne
33%
44Rebecca PetersonSuède
33%
80Viktorija GolubicSuisse
33%
18Alison RiskeÉtats-Unis
27%
93Arantxa RusPays-Bas
27%
85Danka KovinicMontenegro
27%
22Dayana YastremskaUkraine
27%
28Julia GorgesAllemagne
27%
95Madison BrengleÉtats-Unis
27%
57Marie BouzkovaRépublique Tchèque
27%
97Paula Badosa GibertEspagne
27%
65Tamara ZidansekSlovénie
27%
34Yulia PutintsevaKazakhstan
27%
96Jasmine PaoliniItalie
20%
91Kateryna KozlovaUkraine
20%
84Sara Sorribes TormoEspagne
20%
41Veronika KudermetovaRussie
20%
77Zarina DiyasKazakhstan
20%
92Anastasia PotapovaRussie
13%
88Christina McHaleÉtats-Unis
13%
73Heather WatsonRoyaume-Uni
13%
55Jennifer BradyÉtats-Unis
13%
83Jessica PegulaÉtats-Unis
13%
58Katerina SiniakovaRépublique Tchèque
13%
82Misaki DoiJapon
13%
86Tatjana MariaAllemagne
13%
98Ana BogdanRoumanie
7%
61Anna BlinkovaRussie
7%
66Bernarda PeraÉtats-Unis
7%
71Kristen FlipkensBelgique
7%
64Lauren DavisÉtats-Unis
7%
100Margarita GasparyanRussie
7%
87Nina StojanovicSerbie
7%
81Taylor TownsendÉtats-Unis
7%
56Viktoria KuzmovaSlovaquie
7%
90Vitalia DiatchenkoRussie
7%
78Andrea PetkovicAllemagne
0%

Distribution des résultats

Percentile par nombre de réponses

% des personnes avec chaque résultat

Votre développement - résultats

Vous n’avez pas pris ce quiz